[Event "EU-chT Railways USIC 14th "]
[Site "Balatonboglar"]
[Date "1996.05.26"]
[Round "6.5"]
[White "Kopysc, Zvamunt"]
[Black "Veltmans, Marcel"]
[Result "0-1"]
[WhiteElo "2000"]
[BlackElo "1830"]
[PlyCount "64"]
[EventDate "1996.05.19"]
[EventType "team-tourn"]
[EventRounds "7"]
[EventCountry "HUN"]
[SourceTitle "EXT 2004"]
[Source "ChessBase"]
[SourceDate "2003.11.25"]
[SourceVersion "1"]
[SourceVersionDate "2003.11.25"]
[SourceQuality "1"]

1. d4 d5 2. Nc3 Nf6 3. Bg5 e6 4. e4 dxe4 5. Nxe4 Be7 6. Bxf6 Bxf6 7. Nf3 0-0 8. Bc4 Nc6 9. c3 a6 10. Qe2 b5 11. Bd3 Be7 12. h4 f6 13. g4 h6 14. Nxf6+ Rxf6 15. Qe4 Qd5 16. Qh7+ Kf7 17. Be4 Rxf3 18. Bxd5 exd5 19. Rg1 Bxh4 20. g5 Bf5 21. g6+ Kf6 22. 0-0-0 Bxf2 23. Rdf1 Re8 24. Kd1 b4 25. Rh1 bxc3 26. bxc3 Bxg6 27. Rxh6 gxh6 28. Qxc7 Re6 29. Qh2 Rd3+ 30. Kc1 Rxc3+ 31. Kb2 Rc2+ 32. Ka3 Re3+ 0-1